000 00248nam a2200097Ia 4500
005 20251222114400.0
008 251222s1900||||xx |||||||||||||| ||spa||
082 _aDVD0070/T16/1988
245 0 _aLa tumba de las luciƩrnagas:Hotaru no Haka
942 _cDVD
999 _c1610
_d1610